000 00683cam a22002411 4500
001 l 66000306
003 DLC
005 20260227111549.0
008 930611s1965 sz 000 0 eng
010 _al 66000306
035 _a(OCoLC)28258099
040 _aDLC
_cNcD
_dDLC
042 _apremarc
050 0 0 _aHD5829.A6
_bI5
110 1 _aInternational Labour Office.
245 1 0 _aReport to the Government of Iran on manpower planning.
260 _aGeneva,
_bn.p.,
_c1965.
300 _aii, 26 p. 30 cm.
500 _a"ILO/TAP/Iran/R.13."
500 _aAt head of title: Expanded programme of technical assistance.
650 0 _aLabor supply
_zIran.
710 1 _aIran.
999 _c37290
_d37290